000
00312nam a2200145Ia 4500
100
_a
Bird / David
942
_c
BK
654
_a
Computer
245
_a
Token Ring Network Design
260
_b
Addison Wesley Pub
_a
Wokingham
_c
1994
082
_a
4.68
_b
BIR
300
_a
220
546
_a
ENGLISH
999
_c
27651
_d
27651